<?xml version="1.0" encoding="UTF-8"?>
<marc:record xmlns:marc="http://www.loc.gov/MARC21/slim">
   <marc:leader>00000nam a2200000 a 4500</marc:leader>
   <marc:datafield ind1="1" ind2=" " tag="100">
      <marc:subfield code="a">Bitoun, Julien</marc:subfield>
      <marc:subfield code="4">aut</marc:subfield>
      <marc:subfield code="e">Verfasser/-in</marc:subfield>
   </marc:datafield>
   <marc:datafield ind1=" " ind2=" " tag="653">
      <marc:subfield code="a">Geschichte</marc:subfield>
   </marc:datafield>
   <marc:datafield ind1=" " ind2=" " tag="653">
      <marc:subfield code="a">bob dylan</marc:subfield>
   </marc:datafield>
   <marc:datafield ind1=" " ind2=" " tag="653">
      <marc:subfield code="a">jimi hendrix</marc:subfield>
   </marc:datafield>
   <marc:datafield ind1=" " ind2=" " tag="653">
      <marc:subfield code="a">janis joplin</marc:subfield>
   </marc:datafield>
   <marc:datafield ind1=" " ind2=" " tag="653">
      <marc:subfield code="a">woodstock</marc:subfield>
   </marc:datafield>
   <marc:datafield ind1=" " ind2=" " tag="653">
      <marc:subfield code="a">festival</marc:subfield>
   </marc:datafield>
   <marc:datafield ind1=" " ind2=" " tag="653">
      <marc:subfield code="a">hippies</marc:subfield>
   </marc:datafield>
   <marc:datafield ind1=" " ind2=" " tag="653">
      <marc:subfield code="a">woodstock festival</marc:subfield>
   </marc:datafield>
   <marc:datafield ind1=" " ind2=" " tag="653">
      <marc:subfield code="a">woodstock 69</marc:subfield>
   </marc:datafield>
   <marc:datafield ind1=" " ind2=" " tag="653">
      <marc:subfield code="a">hits der 60er</marc:subfield>
   </marc:datafield>
   <marc:datafield ind1=" " ind2=" " tag="653">
      <marc:subfield code="a">hippie festival</marc:subfield>
   </marc:datafield>
   <marc:datafield ind1=" " ind2=" " tag="653">
      <marc:subfield code="a">Softcover / Sachbücher/Musik</marc:subfield>
   </marc:datafield>
   <marc:datafield ind1=" " ind2=" " tag="653">
      <marc:subfield code="a">Film</marc:subfield>
   </marc:datafield>
   <marc:datafield ind1=" " ind2=" " tag="653">
      <marc:subfield code="a">Theater/Pop</marc:subfield>
   </marc:datafield>
   <marc:datafield ind1=" " ind2=" " tag="653">
      <marc:subfield code="a">Rock</marc:subfield>
   </marc:datafield>
   <marc:datafield ind1="0" ind2="0" tag="245">
      <marc:subfield code="a">Woodstock - three days of love and peace</marc:subfield>
   </marc:datafield>
   <marc:datafield ind1="0" ind2="0" tag="245">
      <marc:subfield code="b">das Festival, das die Welt veränderte</marc:subfield>
   </marc:datafield>
   <marc:datafield ind1="0" ind2="0" tag="245">
      <marc:subfield code="c">Julien Bitoun ; aus dem Französischen von Ursula Bachhausen</marc:subfield>
   </marc:datafield>
   <marc:datafield ind1=" " ind2="1" tag="264">
      <marc:subfield code="a">Bielefeld</marc:subfield>
      <marc:subfield code="b">Delius Klasing Verlag</marc:subfield>
   </marc:datafield>
   <marc:datafield ind1=" " ind2=" " tag="250">
      <marc:subfield code="a">1. Auflage</marc:subfield>
   </marc:datafield>
   <marc:datafield ind1="1" ind2=" " tag="520">
      <marc:subfield code="a">Angaben aus der Verlagsmeldung

Woodstock : Three Days of Love and Peace / von Julien Bitoun

Woodstock 1969 – wie ein Festival die Welt veränderte

Woodstock – das waren 3 Tage Live-Musik, 33 Konzerte, 2 Todesfälle, 2 Geburten, 250.000 Fans, die während der Anfahrt steckenblieben, eine Million Dollar Verlust, eine gewaltige Schlammwüste. Geplant wurde die Woodstock Music and Art Fair, wie das Festival ursprünglich hieß, für 50.000 Besucher. Stattdessen kamen 500.000 Hippies und Musikfans. Die Organisation brach zusammen, Verpflegung musste per Hubschrauber eingeflogen werden. Mitten im Chaos: die Musiker und Bands.

Von Richie Havens, The Jefferson Airplane, The Who und Creedence Clearwater Revival bis zu Jimi Hendrix, Joe Cocker und Joan Baez wird jede einzelne Stunde Love and Peace unter die Lupe genommen. Dabei berücksichtigt der Musikjournalist Julien Bitoun, der für französische Musikmagazine wie Guitar Part und Guitare Xtreme schreibt, auch die Acts, die abgesagt wurden: Bob Dylan, Led Zeppelin oder die Beatles. Auch sie sind wichtig für ein tiefergehendes Verständnis von Woodstock, dem Hippie-Festival, das eine ganze Generation prägte.

• 50 Jahre Woodstock – die ganze Geschichte des Festivals bis in die heutige Zeit
• Alle Musiker und Bands, alle Auftritte – auch die, die nicht stattfanden
• 240 Seiten mit ca. 150 eindrucksvollen Farbfotos

Woodstock – Three Days of Love and Peace

Mit teilweise seltenen Fotos lässt der Bildband die besondere Atmosphäre des Festivals wieder auferstehen:

Drei Tage, in denen die Gesetze vor den Toren der Stadt bleiben, in denen 90 % der Hippies Hasch rauchten oder LSD einwarfen. Die Musiker bildeten hier keine Ausnahme. Carlos Santana beispielsweise, gerade 22 geworden, war bis zu seinem Auftritt immer noch auf dem Trip: „Woran ich mich erinnere, ist, dass der Hals meiner Gitarre sich anfühlte wie ein Zitteraal – er wollte einfach nicht starr bleiben.“ Sein Konzert wurde ein historischer Moment in der Musikgeschichte – wie so viele andere Erlebnisse auch, die Woodstock zu dem ultimativen Festival werden ließen.

</marc:subfield>
   </marc:datafield>
   <marc:datafield ind1=" " ind2=" " tag="020">
      <marc:subfield code="a">9783667114112</marc:subfield>
      <marc:subfield code="9">9783667114112</marc:subfield>
   </marc:datafield>
   <marc:datafield ind1=" " ind2=" " tag="020">
      <marc:subfield code="a">3667114117</marc:subfield>
      <marc:subfield code="9">3667114117</marc:subfield>
   </marc:datafield>
   <marc:datafield ind1=" " ind2=" " tag="041">
      <marc:subfield code="a">ger</marc:subfield>
   </marc:datafield>
   <marc:datafield ind1=" " ind2=" " tag="300">
      <marc:subfield code="a">239 Seiten</marc:subfield>
   </marc:datafield>
</marc:record>
